Music Quiz

Random Music or Song Quiz

GREATEST DONNA SUMMER SONGS Quiz Stats

Quiz not verified by Sporcle

Challenge
Share
Tweet
Embed
Score 0/50 Timer 20:00
0 Plays Today
Album: Song Title % Correct
16 LOVE TO LOVE YOU BABYLOVE TO LOVE YOU BABY
95.9%
24 BAD GIRLSHOT STUFF
95.9%
8 THANK GOD IT'S FRIDAY (Soundtrack)LAST DANCE
95.6%
30 BAD GIRLSBAD GIRLS
95.6%
15 ON THE RADIO - GREATEST HITS (VOLS. I & II)ON THE RADIO
95.4%
33 THE WANDERERTHE WANDERER
94.7%
41 SHE WORKS HARD FOR THE MONEYSHE WORKS HARD FOR THE MONEY
94.5%
2 ON THE RADIO - GREATEST HITS (VOLS. I & II)NO MORE TEARS (ENOUGH IS ENOUGH)
93.8%
5 I REMEMBER YESTERDAYI FEEL LOVE
93.3%
34 BAD GIRLSDIM ALL THE LIGHTS
92.4%
37 ANOTHER PLACE AND TIMETHIS TIME I KNOW IT'S FOR REAL
91.5%
6 LIVE AND MOREMACARTHUR PARK
90.8%
1 LIVE AND MOREHEAVEN KNOWS
90.8%
35 I REMEMBER YESTERDAYI REMEMBER YESTERDAY
89.7%
4 ONCE UPON A TIMEI LOVE YOU
89.4%
29 FLASHDANCE (Soundtrack)ROMEO
89%
14 DONNA SUMMERLOVE IS IN CONTROL
89%
32 BAD GIRLSSUNSET PEOPLE
88.3%
12 LIVE & MORE ENCORE!I WILL GO WITH YOU
85.3%
18 ANOTHER PLACE AND TIMELOVE'S ABOUT TO CHANGE MY HEART
85.1%
39 CATS WITHOUT CLAWSTHERE GOES MY BABY
85.1%
50 A LOVE TRILOGYTRY ME I KNOW WE CAN MAKE IT
85.1%
11 DONNA SUMMERSTATE OF INDEPENDENCE
84.6%
25 ENDLESS SUMMERMELODY OF LOVE
84.2%
31 ONCE UPON A TIMEONCE UPON A TIME
83.7%
Album: Song Title % Correct
26 I REMEMBER YESTERDAYLOVE'S UNKIND
83.5%
13 A LOVE TRILOGYCOULD IT BE MAGIC
82.8%
46 DONNA SUMMERTHE WOMAN IN ME
82.6%
3 BAD GIRLSOUR LOVE
82.1%
17 THE DONNA SUMMER ANTHOLOGYCARRY ON
82.1%
27 ANOTHER PLACE AND TIMEI DON'T WANNA GET HURT
81.2%
49 LADY OF THE NIGHTTHE HOSTAGE
80.3%
48 DONNA SUMMERPROTECTION
78.7%
36 THANK GOD IT'S FRIDAY (Soundtrack)WITH YOUR LOVE
78.2%
19 BAD GIRLSLUCKY
77.5%
45 CRAYONSFAME (THE GAME)
77.1%
10 LIVE & MORE ENCORE!LOVE IS THE HEALER
76.4%
38 BAD GIRLSTHERE WILL ALWAYS BE A YOU
75.7%
20 THE DEEP (Soundtrack)DOWN DEEP INSIDE
75.7%
9 MOUSE HOUSE DANCE MIXESSOMEDAY
74.1%
43 DONNA SUMMERMYSTERY OF LOVE
72.5%
44 Non- Album SingleI GOT YOUR LOVE
72.5%
23 SHE WORKS HARD FOR THE MONEYHE'S A REBEL
71.1%
7 THE JOURNEY - THE VERY BEST OF DONNA SUMMERI WILL LIVE FOR LOVE
69.5%
21 CATS WITHOUT CLAWSOH BILLY PLEASE
68.8%
42 ANOTHER PLACE AND TIMESENTIMENTAL
67.9%
22 THE WANDERERWHO DO YOU THINK YOU'RE FOOLIN'
67.7%
47 CRAYONSBE MYSELF AGAIN
67%
40 THE WANDERERBREAKDOWN
65.4%
28 BAD GIRLSJOURNEY TO THE CENTRE OF YOUR HEART
64.7%

You're not logged in!

Compare scores with friends on all Sporcle quizzes.
Sign Up with Email
OR
Log In

You Might Also Like...

Show Comments

Extras

Top Quizzes Today


Score Distribution

Your Account Isn't Verified!

In order to create a playlist on Sporcle, you need to verify the email address you used during registration. Go to your Sporcle Settings to finish the process.